000 00659nam a2200229Ia 4500
003 OSt
005 20220926004644.0
006 a|||||r|||| 00| 0
007 ta
008 220923b |||||||| |||| 00| 0 eng d
037 _cGeneral Book
040 _aRTL
_cRTL
_beng
041 _2eng
_aeng
082 _aX.237U.N7, L9
100 _aNarayana D L
_9309072
245 0 _aIncome, saving and investment of household sector in chittoor district
260 _a New Delhi
_bS Chand
_c1979
300 _avi,231p.
_ccm.
500 _aAppendix: P 188-224
942 _hX.237U.N7, L9
_cGB
_2CC
999 _c611890
_d611890